Journal of International Economic Integration

Detalles Bibliográficos
Formato: Electrónico Revista
Idioma:English
Publicado: Center for Economic Integration, Sejong University
Subjects:
Acceso en liña:Full text available on JSTOR[1986-04-01 - 1992-04-01]
Off-campus access
LEADER 01040cas a2200205 a 4500
001 AALejournalJSTOR001074
008 230228c9999 xx r poo 0 0eng d
022 |a 1015-356X 
040 |a BD-DhAAL  |c BD-DhAAL 
245 0 0 |h [electronic resource]  |a Journal of International Economic Integration 
260 |b Center for Economic Integration, Sejong University 
300 |a 1 online resource 
362 0 |a Vol. 1,  |a no. 1 
500 |a <strong>Off-Campus Access:</strong> Athens ID and Password Required 
500 |a <strong>On-Campus Access:</strong> No User ID or Password Required 
506 |a Electronic access restricted to authorized BRAC University faculty, staff and students 
538 |a Mode of access: Internet 
650 4 |a Business ; Business & Economics ; Development Studies ; Economics 
856 4 0 |z Full text available on JSTOR[1986-04-01 - 1992-04-01]  |u https://www.jstor.org/journal/jinteconinte 
856 4 0 |z Off-campus access  |u https://go.openathens.net/redirector/bracu.ac.bd?url=https%3A%2F%2Fwww.jstor.org%2Fjournal%2Fjinteconinte